Milicia y descripción de las Indias (Registro nro. 37606)
[ vista simple ]
| 000 -ENCABEZADO | |
|---|---|
| Número de control [NR] | 00903nam a2200229Ia 4500 |
| 008 - DE LONGITUD FIJA DE DATOS DE ELEMENTOS - INFORMACIÓN GENERAL | |
| Elementos de longitud fija [NR] | 130821s2003 ck gr spa |
| 020 ## - NUMERO INTERNACIONAL NORMALIZADO PARA LIBROS [R] | |
| Número Internacional Normalizado del libro [NR] | 9589003869 |
| 040 ## - FUENTE DE CATALOGACION [NR] | |
| Agencia de catalogación original [NR] | Co-BoUCM |
| Idioma de catalogación [NR] | spa |
| 041 00 - CODIGO DE IDIOMA [R] | |
| Código de idioma para texto/pista de sonido o título separado [R] | Español |
| 100 1# - ASIENTO PRINCIPAL--NOMBRE PERSONAL [NR] | |
| Nombre personal [NR] | Vargas Machuca, Bernardo de |
| Títulos u otras palabras asociadas al nombre [R] | Capitán |
| ID Autoridad | 159453 |
| 245 10 - MENCION DE TITULO [NR] | |
| Título [NR] | Milicia y descripción de las Indias |
| Mención de responsabilidad, etc. [NR] | D. Bernardo de Vargas Machuca. |
| 260 ## - PUBLICACION, DISTRIBUCION, ETC. (PIE DE IMPRENTA) [R] | |
| Lugar de publicación, distribución, etc. [R] | Bogotá (Colombia) |
| Nombre del editor, distribuidor, etc. [R] | [Editorial desconocida] |
| Fecha de publicación, distribución, etc. [R] | 2003 |
| 300 ## - DESCRIPCION FISICA [R] | |
| Extensión [R] | 324 páginas |
| 650 04 - ASIENTO SECUNDARIO DE MATERIA - TERMINO TEMATICO [R] | |
| Término temático o nombre geográfico como elemento de entrada [NR] | Ciencia militar |
| 9 (RLIN) | 10776 |
| 650 04 - ASIENTO SECUNDARIO DE MATERIA - TERMINO TEMATICO [R] | |
| Término temático o nombre geográfico como elemento de entrada [NR] | Ciencia militar |
| Subdivisión geográfica [R] | América |
| Subdivisión general [R] | Historia |
| 9 (RLIN) | 7403 |
| 650 04 - ASIENTO SECUNDARIO DE MATERIA - TERMINO TEMATICO [R] | |
| Término temático o nombre geográfico como elemento de entrada [NR] | Milicias |
| Subdivisión geográfica [R] | América |
| Subdivisión general [R] | Historia |
| 9 (RLIN) | 19544 |
| 651 #4 - ASIENTO SECUNDARIO DE MATERIA - NOMBRE GEOGRAFICO [R] | |
| Nombre geográfico [NR] | América |
| Subdivisión general [R] | Historia |
| 9 (RLIN) | 26761 |
| 710 1# - ASIENTO SECUNDARIO - NOMBRE CORPORATIVO [R] | |
| Nombre corporativo o de jurisdicción como elemento de entrada [NR] | Banco Popular. |
| Unidad subordinada [R] | Fondo de Promoción de la Cultura |
| 9 (RLIN) | 159454 |
| 710 1# - ASIENTO SECUNDARIO - NOMBRE CORPORATIVO [R] | |
| Nombre corporativo o de jurisdicción como elemento de entrada [NR] | Universidad de los Andes. |
| Unidad subordinada [R] | Centro de Estudios Socioculturales e Internacionales.(Ceso) |
| 9 (RLIN) | 159455 |
| 942 ## - ELEMENTOS DE ENTRADA AGREGADOS (KOHA) | |
| Tipo de ítem principal el descrito en 300a | Libro |
| Tema principal | Ciencia política |
| Edición | 1 |
| Parte restante de la signatura top. | V297m |
| Sistema de clasificación | DEWEY |
| Clasificación | 355.099 |
| Fecha de último préstamo | Total préstamos | Total Renewals | Signatura topográfica | Código de barras | Última vez visto | Ejemplar | Price effective from | Tipo de ítem | Perdido | Sistema de clasificación | Dañado | No prestable | Tipo de ítem específico | Suprimido | Ubicación habitual | Ubicación actual | Localización | Fecha de creación | Forma de adquisición | Costo |
|---|---|---|---|---|---|---|---|---|---|---|---|---|---|---|---|---|---|---|---|---|
| 15/03/2013 | 1 | 1 | 355.099 V297m | 100125397 | 09/12/2025 | Ej.1 | 03/02/2013 | Libro | DEWEY | Libro | Claustro | Claustro | 2do piso | 28/02/2013 | Compra | 25000.00 |